[Event "30th 4NCL Congress"]
[Site "Daventry"]
[Date "2023.06.18"]
[Round "4"]
[Board "16"]
[White "Shearsby, Jude"]
[Black "Gopakumar, Siddharth"]
[Result "0-1"]
[WhiteElo "2233"]
[BlackElo "1997"]
[PlyCount "106"]
[EventDate "2023.06.16"]
[EventRounds "5"]
[EventCountry "ENG"]

1. e4 c5 2. Nf3 Nc6 3. Bb5 g6 4. Bxc6 bxc6 5. O-O Bg7 6. Re1 Nh6 7. c3 O-O 8. d4
cxd4 9. cxd4 d5 10. e5 f6 11. Nc3 Bg4 12. Bxh6 Bxh6 13. e6 Rb8 14. Na4 Qa5 15. b3
Rb4 16. a3 Rbb8 17. Nc5 Rfc8 18. h3 Bxf3 19. Qxf3 Qd2 20. Red1 Qf4 21. Qc3 Qd6 22.
Qa5 Ra8 23. Ra2 Qd8 24. Qxd8+ Rxd8 25. Nd7 a5 26. Rc2 Ra6 27. Rd3 Bf4 28. a4 Bd6
29. g3 h5 30. f4 Kg7 31. Kf2 h4 32. gxh4 Bxf4 33. Kf3 Bd6 34. Kg4 Rh8 35. Rdc3 f5+
36. Kf3 Rxh4 37. Rxc6 Rxh3+ 38. Ke2 Rxc6 39. Rxc6 Rxb3 40. Nb6 Kf6 41. Nd7+ Kg7 42.
Nb6 Rb2+ 43. Kd3 Kf6 44. Nxd5+ Kxe6 45. Ne3 Rb4 46. d5+ Ke5 47. Ra6 Rxa4 48. Nc4+
Kf4 49. Kd4 g5 50. Rb6 g4 51. Rb1 Kg3 52. Rb3+ Kh2 53. Rb2+ Kh3  0-1

[Event "30th 4NCL Congress"]
[Site "Daventry"]
[Date "2023.06.18"]
[Round "4"]
[Board "17"]
[White "Gomez, Daniel"]
[Black "Fellowes, Billy"]
[Result "1-0"]
[WhiteElo "2103"]
[BlackElo "1986"]
[PlyCount "65"]
[EventDate "2023.06.16"]
[EventRounds "5"]
[EventCountry "ENG"]

1. e4 Nc6 2. Nf3 d6 3. d4 Nf6 4. Nc3 g6 5. Be2 Bg7 6. O-O O-O 7. h3 e5 8. dxe5 dxe5
9. Bc4 h6 10. a4 Qe7 11. Nd5 Nxd5 12. Bxd5 Rd8 13. Qe2 Nd4 14. Nxd4 exd4 15. Re1
c6 16. Bc4 Be6 17. Bd3 Re8 18. Bd2 Rad8 19. a5 a6 20. f4 Qc7 21. Qf3 Bc8 22. f5 g5
23. h4 f6 24. Bc4+ Kf8 25. Qh5 Re7 26. hxg5 fxg5 27. f6 Bxf6 28. Qxh6+ Bg7 29. Qg6
Rdd7 30. Bb4 Qf4 31. Rf1 d3 32. Rxf4+ gxf4 33. Qf7#  1-0

[Event "30th 4NCL Congress"]
[Site "Daventry"]
[Date "2023.06.18"]
[Round "4"]
[Board "18"]
[White "Verma, Shlok"]
[Black "Sajanani, Vikas"]
[Result "1-0"]
[WhiteElo "2101"]
[BlackElo "1912"]
[PlyCount "99"]
[EventDate "2023.06.16"]
[EventRounds "5"]
[EventCountry "ENG"]

1. d4 Nf6 2. c4 e6 3. Nf3 c5 4. d5 b5 5. dxe6 fxe6 6. cxb5 d5 7. e3 Bd6 8. Be2 O-O
9. O-O Bb7 10. b3 Ne4 11. Bb2 a6 12. bxa6 Nxa6 13. Nc3 Nxc3 14. Bxc3 Nb4 15. a4 Qe8
16. Bxb4 cxb4 17. Rc1 Qh5 18. g3 Qg6 19. Qd4 Rad8 20. Ne5 Qf6 21. Nc6 Rd7 22. Qxf6
gxf6 23. Bb5 Rc7 24. Na5 Ba8 25. Rxc7 Bxc7 26. Nc6 Bxc6 27. Bxc6 Rd8 28. Rc1 Bb6
29. Bb5 Kf7 30. Rc6 Rb8 31. Rd6 Rb7 32. Ba6 Rb8 33. Rd7+ Kg6 34. Bd3+ f5 35. g4 Rd8
36. gxf5+ exf5 37. Re7 Rg8 38. Kf1 Kf6 39. Rxh7 d4 40. Rh6+ Rg6 41. Rxg6+ Kxg6 42.
exd4 Bxd4 43. f3 Kg5 44. Ke2 Kf4 45. Ba6 Be5 46. Bb7 Kg5 47. h3 Kh4 48. Bc8 Kxh3
49. Bxf5+ Kg3 50. Be4  1-0

[Event "30th 4NCL Congress"]
[Site "Daventry"]
[Date "2023.06.18"]
[Round "4"]
[Board "19"]
[White "Ackley, Peter JE"]
[Black "Hertog, Alexander"]
[Result "1/2-1/2"]
[WhiteElo "2065"]
[BlackElo "1800"]
[PlyCount "159"]
[EventDate "2023.06.16"]
[EventRounds "5"]
[EventCountry "ENG"]

1. g3 d5 2. Bg2 Nf6 3. Nf3 g6 4. O-O Bg7 5. d3 O-O 6. Nbd2 c5 7. e4 Nc6 8. c3 b6
9. Qa4 Bb7 10. Re1 e5 11. Qc2 d4 12. c4 Qe7 13. a3 Qd6 14. Rb1 Rfc8 15. Nf1 a6 16.
Bd2 Rcb8 17. b4 Ne7 18. bxc5 bxc5 19. Rb3 Bc8 20. Reb1 Nc6 21. Ne1 Be6 22. Rxb8+
Rxb8 23. Bf3 Nd7 24. Rxb8+ Qxb8 25. Bd1 Bf6 26. Qb3 Bd8 27. Qxb8 Ndxb8 28. f3 Bd7
29. Nc2 Na5 30. Na1 Nb7 31. Kf2 Kf8 32. Nb3 f6 33. Bc2 Ba4 34. Nxd4 Bxc2 35. Nxc2
Nc6 36. Nfe3 Nba5 37. Bxa5 Nxa5 38. Nd5 Kf7 39. Na1 Ke6 40. Ke2 Kd6 41. Kd2 Kc6 42.
Kc3 Kd6 43. Nb3 Nxb3 44. Kxb3 Ke6 45. Kc2 g5 46. Kd2 Kd6 47. Ke3 Ke6 48. Kf2 Kf7
49. g4 Kg6 50. Ke2 Kf7 51. Kd2 Ke6 52. Kc3 Kd7 53. Kb3 Kc6 54. Ka4 Kb7 55. Ne3 Be7
56. Nf5 Bf8 57. h4 h6 58. h5 Ka7 59. Ne3 Be7 60. Nd5 Bd8 61. Kb3 Kb7 62. Kc2 Kc6
63. Kd2 Kd7 64. Ne3 Be7 65. Kc3 Kc6 66. Kb3 Kb7 67. Nf5 Bf8 68. a4 Ka7 69. a5 Kb7
70. Ka4 Ka7 71. Ne3 Be7 72. Nd5 Bd8 73. Nc3 Kb7 74. Nb1 Ka7 75. Nd2 Kb7 76. Nb3 Be7
77. Na1 Ka7 78. Nc2 Kb7 79. Ne3 Ka7 80. Nf5  1/2-1/2

[Event "30th 4NCL Congress"]
[Site "Daventry"]
[Date "2023.06.18"]
[Round "4"]
[Board "21"]
[White "Mason, Donald J"]
[Black "Sheikh, Anum"]
[Result "1-0"]
[WhiteElo "2142"]
[BlackElo "1954"]
[PlyCount "47"]
[EventDate "2023.06.16"]
[EventRounds "5"]
[EventCountry "ENG"]

1. e4 c5 2. Nc3 e6 3. Nf3 d5 4. exd5 exd5 5. Bb5+ Nc6 6. d4 a6 7. Bxc6+ bxc6 8. Ne5
Qf6 9. O-O Ne7 10. Re1 c4 11. b3 cxb3 12. axb3 Kd8 13. Bg5 Qe6 14. Qf3 f5 15. Na4
Ke8 16. Nb6 Rb8 17. Nxc8 Qxc8 18. Qh5+ g6 19. Nxg6 hxg6 20. Qxg6+ Kd7 21. Bxe7 Bxe7
22. Rxe7+ Kxe7 23. Re1+ Kd7 24. Qf7+  1-0

[Event "30th 4NCL Congress"]
[Site "Daventry"]
[Date "2023.06.18"]
[Round "4"]
[Board "22"]
[White "James, Russell A"]
[Black "Yzeiraj, Diamant"]
[Result "0-1"]
[WhiteElo "2127"]
[BlackElo "1686"]
[PlyCount "110"]
[EventDate "2023.06.16"]
[EventRounds "5"]
[EventCountry "ENG"]

1. e4 e6 2. d4 d5 3. Nd2 c5 4. dxc5 Nf6 5. exd5 Qxd5 6. Ngf3 Bxc5 7. Bc4 Qh5 8. Qe2
Nc6 9. Nb3 Bb6 10. Bg5 O-O 11. O-O-O e5 12. Bxf6 gxf6 13. Kb1 Bf5 14. h3 Bg6 15.
g4 Qh6 16. g5 Qh5 17. gxf6 e4 18. Nfd4 Nxd4 19. Nxd4 Qxe2 20. Bxe2 Rfd8 21. c3 Rd6
22. h4 h6 23. h5 Bh7 24. Rhg1+ Kh8 25. Ka1 Rxf6 26. Rg2 Rd8 27. Bc4 Rfd6 28. Bxf7
Bxd4 29. cxd4 Rxd4 30. Rc1 Rd1 31. Rg1 Rxg1 32. Rxg1 Rf8 33. Bd5 Rxf2 34. a4 b6 35.
Re1 Rf4 36. Ka2 Bg8 37. Bxg8 Kxg8 38. Kb3 Kf7 39. Kc4 Ke6 40. Kd4 Kf5 41. Re3 Kg5
42. Ke5 Rh4 43. b4 Kxh5 44. Kf5 Rh1 45. Rxe4 Rf1+ 46. Ke5 Kg5 47. Kd6 Rf6+ 48. Ke7
h5 49. Re1 Rf4 50. a5 Rxb4 51. axb6 axb6 52. Kd6 h4 53. Kc6 h3 54. Re5+ Kg4 55. Re8
h2  0-1

[Event "30th 4NCL Congress"]
[Site "Daventry"]
[Date "2023.06.18"]
[Round "4"]
[Board "23"]
[White "Obi, Okwose Marc"]
[Black "Larkin, Benjamin"]
[Result "0-1"]
[WhiteElo "1964"]
[BlackElo "2097"]
[PlyCount "70"]
[EventDate "2023.06.16"]
[EventRounds "5"]
[EventCountry "ENG"]

1. e4 c6 2. d4 d5 3. e5 Bf5 4. h4 h5 5. Bd3 Bxd3 6. Qxd3 e6 7. Bg5 Qb6 8. Nd2 c5
9. c4 Qxb2 10. Rd1 Qxd4 11. Qb3 Qxe5+ 12. Ne2 Qc7 13. cxd5 e5 14. Nc4 f6 15. O-O
fxg5 16. d6 Qf7 17. d7+ Nxd7 18. Qxb7 Rd8 19. Na5 gxh4 20. Nc6 Be7 21. Nxd8 Bxd8
22. Qxa7 Ngf6 23. a4 h3 24. f3 O-O 25. a5 Qa2 26. Rf2 Qxa5 27. Rxd7 Nxd7 28. Qxd7
Qe1+ 29. Rf1 Qxe2 30. Qe6+ Kh7 31. Qxh3 Qe3+ 32. Kh1 c4 33. Qe6 Qf4 34. Rd1 Qh4+
35. Kg1 Rf6  0-1

[Event "30th 4NCL Congress"]
[Site "Daventry"]
[Date "2023.06.18"]
[Round "4"]
[Board "24"]
[White "Gazis, George"]
[Black "Banerjee, Supratit"]
[Result "0-1"]
[WhiteElo "1938"]
[BlackElo "2035"]
[PlyCount "34"]
[EventDate "2023.06.16"]
[EventRounds "5"]
[EventCountry "ENG"]

1. e4 e6 2. d4 d5 3. Nc3 dxe4 4. Nxe4 Nd7 5. Nf3 Ngf6 6. Bd3 Nxe4 7. Bxe4 Nf6 8.
Bd3 c5 9. c3 cxd4 10. cxd4 Bd6 11. O-O Bd7 12. Bg5 Bc6 13. Ne5 Bxe5 14. dxe5 Qd5
15. f3 Qxe5 16. Bh4 Rd8 17. Rf2 Qe3  0-1

[Event "30th 4NCL Congress"]
[Site "Daventry"]
[Date "2023.06.18"]
[Round "4"]
[Board "25"]
[White "Burton, Sean"]
[Black "Subramanian, Anusha"]
[Result "1-0"]
[WhiteElo "1927"]
[BlackElo "2034"]
[PlyCount "63"]
[EventDate "2023.06.16"]
[EventRounds "5"]
[EventCountry "ENG"]

1. e4 e6 2. d4 d5 3. Nd2 dxe4 4. Nxe4 Nd7 5. Nf3 Ngf6 6. Bd3 Nxe4 7. Bxe4 Nf6 8.
Bd3 c5 9. O-O cxd4 10. Nxd4 Bc5 11. Nf3 O-O 12. Bg5 h6 13. Bh4 b6 14. Qe2 Bb7 15.
Rad1 Qe7 16. Ne5 g5 17. Bg3 Rfd8 18. Kh1 Nd7 19. f4 f5 20. Bc4 Be4 21. Rxd7 Rxd7
22. Nxd7 Qxd7 23. fxg5 hxg5 24. Qh5 Re8 25. Be5 Rd8 26. Qxg5+ Kf7 27. Qg7+ Ke8 28.
Qg6+ Qf7 29. Bb5+ Kf8 30. Qh6+ Ke7 31. Qg5+ Kf8 32. Qxd8+  1-0

[Event "30th 4NCL Congress"]
[Site "Daventry"]
[Date "2023.06.18"]
[Round "4"]
[Board "26"]
[White "Arora, Tashika"]
[Black "Kumar, Sanjit S"]
[Result "1-0"]
[WhiteElo "2016"]
[BlackElo "1926"]
[PlyCount "73"]
[EventDate "2023.06.16"]
[EventRounds "5"]
[EventCountry "ENG"]

1. d4 d5 2. Nf3 Nf6 3. c4 c6 4. Nc3 e6 5. cxd5 exd5 6. g3 Be7 7. Bg2 O-O 8. O-O h6
9. Qc2 Be6 10. b3 Qc8 11. Bb2 Bf5 12. Qc1 Ne4 13. Ne5 Nxc3 14. Qxc3 Nd7 15. Rac1
a5 16. a3 Nb6 17. f3 Bg5 18. Rce1 Bh3 19. Bxh3 Qxh3 20. f4 Be7 21. f5 Nc8 22. Rf3
Nd6 23. Qd3 Rfd8 24. Ref1 Ne4 25. g4 Qh4 26. f6 gxf6 27. Rh3 Qg5 28. Bc1 Qg7 29.
Bxh6 Qh7 30. Bf8 Rxf8 31. Rxh7 Kxh7 32. Nd7 Kg7 33. Nxf8 Rxf8 34. a4 Rh8 35. Rf5
Rh4 36. Qf3 Bd6 37. Rh5  1-0

[Event "30th 4NCL Congress"]
[Site "Daventry"]
[Date "2023.06.18"]
[Round "4"]
[Board "27"]
[White "Pang, Ethan"]
[Black "Gordon, Sean"]
[Result "1/2-1/2"]
[WhiteElo "1769"]
[BlackElo "1998"]
[PlyCount "76"]
[EventDate "2023.06.16"]
[EventRounds "5"]
[EventCountry "ENG"]

1. e4 c5 2. Nc3 Nc6 3. d3 e5 4. g3 g6 5. Bg2 Bg7 6. Nge2 Nge7 7. Be3 d6 8. O-O O-O
9. Nd5 Nxd5 10. exd5 Nd4 11. c4 a6 12. Nxd4 exd4 13. Bf4 b5 14. b3 Ra7 15. Re1 Re7
16. Rxe7 Qxe7 17. Qe1 Qd7 18. Qd2 Re8 19. Re1 Kf8 20. Bh3 f5 21. Re2 Rxe2 22. Qxe2
Qe7 23. Qxe7+ Kxe7 24. a4 bxa4 25. bxa4 Bf6 26. a5 g5 27. Bd2 Kf7 28. f4 Kg6 29.
fxg5 Bxg5 30. Bxg5 Kxg5 31. Kf2 Bd7 32. Bg2 Kf6 33. Bh3 Ke5 34. Kf3 Be8 35. g4 Bg6
36. gxf5 Bxf5 37. Bxf5 Kxf5 38. h4 h5  1/2-1/2

[Event "30th 4NCL Congress"]
[Site "Daventry"]
[Date "2023.06.18"]
[Round "4"]
[Board "28"]
[White "McKenna, Joshua"]
[Black "Kothari, Jai"]
[Result "0-1"]
[WhiteElo "1642"]
[BlackElo "1980"]
[PlyCount "120"]
[EventDate "2023.06.16"]
[EventRounds "5"]
[EventCountry "ENG"]

1. e4 e5 2. Nf3 Nc6 3. Bb5 a6 4. Ba4 d6 5. c3 Qf6 6. d4 exd4 7. cxd4 b5 8. Bc2 Bg4
9. Be3 Nb4 10. Nbd2 Ne7 11. O-O h6 12. a3 Nxc2 13. Qxc2 c6 14. e5 Qg6 15. Rac1 Qxc2
16. Rxc2 d5 17. h3 Bf5 18. Rc3 a5 19. Nb3 g5 20. Nh2 Bg7 21. g4 Bg6 22. Nc5 Ra7 23.
Ra1 O-O 24. Nf1 Rb8 25. Rcc1 Nc8 26. Ng3 Nb6 27. Nf5 Bf8 28. b3 Rc8 29. f4 Bxf5 30.
gxf5 gxf4 31. Bxf4 a4 32. b4 Nc4 33. Kf2 Bxc5 34. Rg1+ Kh7 35. dxc5 Re8 36. f6 Nxe5
37. Rg7+ Kh8 38. Bxh6 Re6 39. Bg5 Ra8 40. Rg1 Rf8 41. Kg3 Rg8 42. Rxg8+ Kxg8 43.
h4 Kh7 44. Kf4 Nc4 45. Rg3 Re1 46. Kf5 Re5+ 47. Kf4 d4 48. Rd3 Rd5 49. Ke4 Kg6 50.
Rxd4 Rxd4+ 51. Kxd4 Nxa3 52. Kc3 Nc4 53. Kc2 Ne5 54. Kc3 Nf3 55. Bc1 Nxh4 56. Kd3
Kxf6 57. Ke4 Ke6 58. Bb2 Ng6 59. Ke3 Kd5 60. Kd3 Ne5+  0-1

[Event "30th 4NCL Congress"]
[Site "Daventry"]
[Date "2023.06.18"]
[Round "4"]
[Board "29"]
[White "Rida, Ruqayyah"]
[Black "Wastney, Dylan"]
[Result "1-0"]
[WhiteElo "2078"]
[BlackElo "1881"]
[PlyCount "73"]
[EventDate "2023.06.16"]
[EventRounds "5"]
[EventCountry "ENG"]

1. e4 c5 2. Nf3 d6 3. d4 cxd4 4. Nxd4 Nf6 5. Nc3 a6 6. f3 e5 7. Nb3 Be6 8. Be3 Be7
9. Qd2 Nbd7 10. O-O-O Rc8 11. Kb1 b5 12. g4 Nb6 13. g5 Nfd7 14. Qg2 Nc4 15. Bc1 Qb6
16. f4 exf4 17. Bxf4 Ne3 18. Bxe3 Qxe3 19. Be2 Ne5 20. h4 Nc4 21. Rd3 Qb6 22. Nd4
Qa5 23. Nxe6 fxe6 24. Qh3 Qb4 25. Nd1 Qa4 26. c3 Ne5 27. Qxe6 Rc7 28. Rd4 Qa5 29.
Rxd6 Nd7 30. Rxa6 Nc5 31. Bh5+ Kd8 32. Qd5+ Rd7 33. Qa8+ Kc7 34. Qa7+ Kc8 35. Rc6+
Rc7 36. Bg4+ Kd8 37. Qxa5  1-0

[Event "30th 4NCL Congress"]
[Site "Daventry"]
[Date "2023.06.18"]
[Round "4"]
[Board "30"]
[White "Patel, Zain"]
[Black "Pereslavtsev, Alexandr"]
[Result "0-1"]
[WhiteElo "2040"]
[BlackElo "1856"]
[PlyCount "118"]
[EventDate "2023.06.16"]
[EventRounds "5"]
[EventCountry "ENG"]

1. d4 Nf6 2. Nf3 g6 3. c4 c5 4. d5 b5 5. cxb5 a6 6. b6 Qxb6 7. Nc3 d6 8. e4 Bg7 9.
Be2 O-O 10. O-O Bg4 11. Nd2 Bxe2 12. Qxe2 Nbd7 13. Nc4 Qc7 14. h3 Nb6 15. Rd1 Nxc4
16. Qxc4 Rfb8 17. Rb1 Rb4 18. Qe2 Qb6 19. Bd2 Ne8 20. b3 Nc7 21. Na4 Qb5 22. Qg4
Rd4 23. Bc3 Rxd1+ 24. Rxd1 Bxc3 25. Nxc3 Qa5 26. Qd7 Qxc3 27. Qxc7 Qc2 28. Re1 Kf8
29. Qb7 Re8 30. Qxa6 Rb8 31. Qe2 Qc3 32. Qe3 Qxe3 33. Rxe3 Ra8 34. Re2 Ke8 35. Kf1
Kd8 36. Rc2 Kc7 37. Ke2 Kb6 38. f4 e6 39. Kf3 exd5 40. exd5 Kc7 41. Kg4 Re8 42. Kf3
Rb8 43. Re2 Kd7 44. Kg4 Rb4 45. Rd2 Re4 46. a4 Re3 47. b4 cxb4 48. Rb2 Rd3 49. Rxb4
Rxd5 50. Rb5 Rxb5 51. axb5 Kc7 52. Kf3 Kb6 53. Ke4 Kc5 54. g4 f6 55. f5 g5 56. h4
h6 57. b6 d5+ 58. Kd3 Kxb6 59. hxg5 hxg5  0-1

[Event "30th 4NCL Congress"]
[Site "Daventry"]
[Date "2023.06.18"]
[Round "4"]
[Board "31"]
[White "De Coverly, Roger D"]
[Black "Moyse, Nigel J"]
[Result "1/2-1/2"]
[WhiteElo "2034"]
[BlackElo "1991"]
[PlyCount "75"]
[EventDate "2023.06.16"]
[EventRounds "5"]
[EventCountry "ENG"]

1. Nf3 Nf6 2. g3 d5 3. Bg2 c6 4. O-O Bf5 5. b3 h6 6. Bb2 e6 7. d3 Be7 8. Nbd2 O-O
9. e3 Bg4 10. Qe1 Nbd7 11. e4 dxe4 12. dxe4 Qc7 13. Nc4 b5 14. Nce5 Bxf3 15. Nxf3
a5 16. a3 Nc5 17. Be5 Qb7 18. Bxf6 Bxf6 19. e5 Be7 20. Nd4 Rac8 21. Qxa5 Nd7 22.
Qe1 Qb6 23. Nf3 Ra8 24. b4 Ra7 25. Qe4 c5 26. c3 Rfa8 27. Rfd1 Qc7 28. Qe2 Rxa3 29.
Rxa3 Rxa3 30. Qxb5 Nxe5 31. Nxe5 Qxe5 32. Qe8+ Bf8 33. b5 Qxc3 34. Bc6 Ra1 35. Rxa1
Qxa1+ 36. Kg2 Qb2 37. Qd8 Qd4 38. Qxd4  1/2-1/2

[Event "30th 4NCL Congress"]
[Site "Daventry"]
[Date "2023.06.18"]
[Round "5"]
[Board "1"]
[White "Baer, Bruce L"]
[Black "Davies, Nigel R"]
[Result "0-1"]
[WhiteElo "2119"]
[BlackElo "2424"]
[PlyCount "118"]
[EventDate "2023.06.16"]
[EventRounds "5"]
[EventCountry "ENG"]

1. g3 d5 2. Bg2 e5 3. d3 Nf6 4. Nf3 Bd6 5. O-O O-O 6. Nc3 c6 7. e4 dxe4 8. Nxe4 Nxe4
9. dxe4 a5 10. a4 Na6 11. Qe2 Qe7 12. Nh4 g6 13. Bh6 Re8 14. Rad1 Nc5 15. b3 b6 16.
Qd2 Rd8 17. Bg5 f6 18. Be3 Be6 19. Qe2 Bf7 20. f3 Rab8 21. Qf2 Kg7 22. Bh3 Qc7 23.
Kh1 Be7 24. Rde1 Be6 25. g4 Bf7 26. Rg1 Kh8 27. Bf1 Nd7 28. Bc4 Bxc4 29. bxc4 Bc5
30. g5 Rf8 31. Nxg6+ hxg6 32. Qh4+ Kg8 33. Qh6 Rf7 34. gxf6 Nf8 35. Rxg6+ Nxg6 36.
Qxg6+ Kh8 37. Bh6 Rg8 38. Bg7+ Rgxg7 39. fxg7+ Rxg7 40. Qh5+ Kg8 41. Qe8+ Bf8 42.
Rg1 Rxg1+ 43. Kxg1 Qe7 44. Qh5 Qg7+ 45. Kf1 Qf6 46. Qg4+ Kh7 47. Ke2 Bh6 48. Qd7+
Qg7 49. Qf5+ Kh8 50. Kd3 Qc7 51. Qf6+ Bg7 52. Qe6 Qd8+ 53. Ke2 Qf6 54. Qe8+ Bf8 55.
Qh5+ Kg8 56. Qg4+ Kf7 57. Qd7+ Be7 58. Qb7 Qe6 59. Kd3 Qd6+  0-1

[Event "30th 4NCL Congress"]
[Site "Daventry"]
[Date "2023.06.18"]
[Round "5"]
[Board "2"]
[White "Finn, Peter"]
[Black "Fava, Lorenzo"]
[Result "1-0"]
[WhiteElo "2310"]
[BlackElo "2203"]
[PlyCount "83"]
[EventDate "2023.06.16"]
[EventRounds "5"]
[EventCountry "ENG"]

1. d4 d5 2. Nf3 e6 3. g3 b5 4. Bg2 Bb7 5. O-O Nf6 6. a4 b4 7. c4 dxc4 8. Qc2 Bd5
9. Bg5 b3 10. Qc1 c5 11. dxc5 Bxc5 12. Nbd2 Qc8 13. Bxf6 gxf6 14. e4 Bb7 15. Qxc4
Ba6 16. Qc3 Bxf1 17. Qxf6 Rf8 18. Bxf1 Nd7 19. Qg7 Qb7 20. Ng5 Qb6 21. Bb5 Bxf2+
22. Kg2 Qd4 23. Qxd4 Bxd4 24. Nxb3 Be3 25. Nxh7 Rh8 26. Nf6+ Ke7 27. Nxd7 a6 28.
Bc6 Rac8 29. Ne5 Rb8 30. Bb5 Rhc8 31. Na5 Rb6 32. Nac6+ Rcxc6 33. Bxc6 Bd4 34. Nf3
Be3 35. Re1 Bh6 36. Nd4 Kd6 37. Rd1 Rxb2+ 38. Kh3 Ke7 39. Nf3 Rb6 40. Ne5 Bg7 41.
Rd7+ Kf6 42. a5  1-0

[Event "30th 4NCL Congress"]
[Site "Daventry"]
[Date "2023.06.18"]
[Round "5"]
[Board "3"]
[White "Merriman, James"]
[Black "Valdepenas Octavio, Javier"]
[Result "1-0"]
[WhiteElo "2164"]
[BlackElo "2218"]
[PlyCount "109"]
[EventDate "2023.06.16"]
[EventRounds "5"]
[EventCountry "ENG"]

1. d4 Nf6 2. c4 g6 3. Nc3 Bg7 4. e4 d6 5. Nge2 O-O 6. Ng3 h5 7. Be2 a6 8. Bg5 Nbd7
9. d5 c5 10. a4 Nh7 11. Bf4 Qa5 12. Bd2 h4 13. Nf1 f5 14. Ne3 f4 15. Ng4 Nhf6 16.
O-O Nxg4 17. Bxg4 Ne5 18. Bxc8 Raxc8 19. Ne2 Qb6 20. Nxf4 Qxb2 21. Rc1 Qd4 22. Qe2
Bh6 23. Rfd1 Rxf4 24. Bxf4 Bxf4 25. Rxd4 cxd4 26. Rd1 Rxc4 27. g3 hxg3 28. hxg3 d3
29. Rxd3 Nxd3 30. Qxd3 Rc1+ 31. Kg2 Be5 32. Qb3 b5 33. axb5 axb5 34. Qxb5 Bf6 35.
Qd7 Rc2 36. Qe6+ Kf8 37. e5 Bxe5 38. Qxg6 Rb2 39. Qf5+ Ke8 40. Kh3 Kd8 41. f4 Bf6
42. Qd3 Rb4 43. Kg4 Kc7 44. Qc2+ Kb6 45. Qc6+ Ka5 46. Kf5 Rb6 47. Qc7 Ka6 48. g4
Rb5 49. Qc6+ Ka5 50. g5 Bb2 51. g6 Rb4 52. Qc7+ Kb5 53. Qxe7 Kc5 54. g7 Bc1 55. Qc7+
 1-0

[Event "30th 4NCL Congress"]
[Site "Daventry"]
[Date "2023.06.18"]
[Round "5"]
[Board "4"]
[White "Hebden, Mark L"]
[Black "Payne, Matthew J"]
[Result "1-0"]
[WhiteElo "2516"]
[BlackElo "2169"]
[PlyCount "63"]
[EventDate "2023.06.16"]
[EventRounds "5"]
[EventCountry "ENG"]

1. d4 Nf6 2. Bg5 g6 3. Bxf6 exf6 4. e3 d5 5. c4 dxc4 6. Bxc4 Bd6 7. Nc3 Nd7 8. Nf3
O-O 9. h3 c6 10. Qc2 f5 11. O-O Nf6 12. Rfd1 Be6 13. Bxe6 fxe6 14. e4 fxe4 15. Nxe4
Nxe4 16. Qxe4 Qf6 17. Rd3 Rae8 18. Re1 Re7 19. Re2 Qf5 20. Rde3 Rfe8 21. b3 Bf4 22.
Rc3 Bd6 23. Nd2 Qd5 24. Rce3 e5 25. Qh4 Rf7 26. Nf3 Rf4 27. Qxf4 exf4 28. Rxe8+ Kg7
29. Rd8 Qb5 30. Rd7+ Kh6 31. Re6 Bb8 32. Ree7  1-0

[Event "30th 4NCL Congress"]
[Site "Daventry"]
[Date "2023.06.18"]
[Round "5"]
[Board "5"]
[White "Merriman, John"]
[Black "Riis, Soren"]
[Result "1-0"]
[WhiteElo "2356"]
[BlackElo "2074"]
[PlyCount "99"]
[EventDate "2023.06.16"]
[EventRounds "5"]
[EventCountry "ENG"]

1. d4 Nf6 2. c4 e6 3. Nc3 c5 4. d5 exd5 5. cxd5 d6 6. e4 g6 7. Nge2 Bg7 8. Ng3 O-O
9. Be2 Re8 10. O-O a6 11. a4 Nbd7 12. f3 b6 13. Bf4 Ne5 14. Qd2 Rb8 15. Rab1 Qc7
16. Rfc1 c4 17. b3 b5 18. axb5 axb5 19. bxc4 bxc4 20. Nb5 Qd7 21. Qa5 Qe7 22. Bxc4
Bd7 23. Bf1 Bxb5 24. Rxb5 Rbc8 25. Rcb1 Nfd7 26. Rb7 Qh4 27. Qd2 h6 28. Bb5 Nc5 29.
Bxe8 Nxb7 30. Bxe5 Bxe5 31. Bxf7+ Kxf7 32. Rxb7+ Kg8 33. Nf1 Bc3 34. Qd3 Qf6 35.
Rb1 Bd4+ 36. Kh1 Rc3 37. Qd2 Qg7 38. Ng3 Be3 39. Qd1 Ra3 40. Qc2 Ra1 41. Ne2 Qc7
42. Qd1 Ra2 43. Nd4 Rd2 44. Qe1 Qc3 45. Nb3 Rb2 46. Qd1 Rc2 47. h3 Bf4 48. Qd4 Qc7
49. Qf6 Kh7 50. Qxf4  1-0

[Event "30th 4NCL Congress"]
[Site "Daventry"]
[Date "2023.06.18"]
[Round "5"]
[Board "6"]
[White "Boswell, Jacob Connor"]
[Black "Estevez Fernandez, Josue"]
[Result "1-0"]
[WhiteElo "2272"]
[BlackElo "1926"]
[PlyCount "67"]
[EventDate "2023.06.16"]
[EventRounds "5"]
[EventCountry "ENG"]

1. c4 e6 2. Nf3 d5 3. e3 Nf6 4. b3 Be7 5. Bb2 O-O 6. Qc2 b6 7. cxd5 exd5 8. Be2 Bb7
9. O-O Nbd7 10. Nc3 c6 11. Rac1 Re8 12. Rfd1 Bd6 13. Bf1 Rc8 14. d4 h6 15. Ne2 Ne4
16. Ng3 Nxg3 17. hxg3 Rc7 18. Bd3 Nf6 19. Qe2 Bc8 20. Ne5 Bxe5 21. dxe5 Ng4 22. f4
f6 23. e6 h5 24. f5 Qd6 25. Qf3 Bb7 26. Re1 c5 27. Bb5 Ree7 28. Qf4 Qxf4 29. gxf4
a6 30. Bd7 Nh6 31. b4 Nxf5 32. bxc5 b5 33. c6 Bxc6 34. Bxc6  1-0

[Event "30th 4NCL Congress"]
[Site "Daventry"]
[Date "2023.06.18"]
[Round "5"]
[Board "7"]
[White "Dignam, Matthew P"]
[Black "Verma, Aditya"]
[Result "1/2-1/2"]
[WhiteElo "2204"]
[BlackElo "2241"]
[PlyCount "63"]
[EventDate "2023.06.16"]
[EventRounds "5"]
[EventCountry "ENG"]

1. e4 c5 2. Nf3 d6 3. Bb5+ Bd7 4. Bxd7+ Qxd7 5. c4 Nf6 6. Nc3 Nc6 7. d4 cxd4 8. Nxd4
g6 9. f3 Nxd4 10. Qxd4 Bg7 11. O-O O-O 12. Qd3 Rac8 13. Be3 Qc6 14. b3 a6 15. Rac1
Nd7 16. Nd5 Rfe8 17. Rfd1 Kf8 18. Qd2 Nc5 19. b4 Ne6 20. a4 Red8 21. Bb6 Qxa4 22.
Bxd8 Rxd8 23. Qf2 Qa3 24. Qh4 Re8 25. Qxh7 Nd4 26. Kh1 e6 27. Nb6 Rd8 28. Qh4 Ke8
29. c5 Qxb4 30. cxd6 Qxd6 31. Nc4 Qe7 32. Qf2  1/2-1/2

[Event "30th 4NCL Congress"]
[Site "Daventry"]
[Date "2023.06.18"]
[Round "5"]
[Board "8"]
[White "Lawton, Geoff W"]
[Black "Gomez, Daniel"]
[Result "1-0"]
[WhiteElo "2369"]
[BlackElo "2103"]
[PlyCount "131"]
[EventDate "2023.06.16"]
[EventRounds "5"]
[EventCountry "ENG"]

1. Nf3 Nf6 2. g3 e6 3. Bg2 d5 4. O-O c5 5. d3 Nc6 6. Nbd2 e5 7. e4 d4 8. Nc4 Nd7
9. a4 Be7 10. Ne1 Nb6 11. f4 exf4 12. gxf4 O-O 13. Nf3 Nxc4 14. dxc4 f5 15. e5 Be6
16. b3 Rc8 17. Bd2 b6 18. Kh1 Kh8 19. Rg1 a5 20. Qe2 h6 21. Bh3 Qe8 22. Rg3 g6 23.
Rag1 Rg8 24. Bf1 Rc7 25. Rh3 Kg7 26. Be1 Bd8 27. Bh4 Bxh4 28. Rxh4 Rd7 29. Rh3 Ne7
30. Qf2 Qf8 31. Rxh6 Rh8 32. Rxh8 Qxh8 33. Ng5 Bg8 34. Be2 Kf8 35. h4 Nc6 36. h5
d3 37. cxd3 Nd4 38. Bd1 Nc6 39. Rg3 Nb4 40. Be2 Qh6 41. Qg2 Ra7 42. Rh3 gxh5 43.
Rxh5 Qg6 44. Qh3 Qc6+ 45. Kh2 Rg7 46. Qxf5+ Ke7 47. Bf3 Qg6 48. Qxg6 Rxg6 49. Be4
Rg7 50. Rh6 Nc2 51. Rxb6 Nd4 52. Rb7+ Kf8 53. Rb8+ Ke7 54. Kg3 Ne2+ 55. Kg4 Be6+
56. Bf5 Bxf5+ 57. Kxf5 Nd4+ 58. Ke4 Rg6 59. Rb7+ Kd8 60. Kd5 Kc8 61. Rh7 Nxb3 62.
e6 Rf6 63. Ke5 Rf8 64. Nf7 Rxf7 65. exf7 Kb8 66. f8=Q#  1-0

[Event "30th 4NCL Congress"]
[Site "Daventry"]
[Date "2023.06.18"]
[Round "5"]
[Board "9"]
[White "Southcott-Moyers, Indy"]
[Black "Larchikov, Maksym"]
[Result "1-0"]
[WhiteElo "2237"]
[BlackElo "2065"]
[PlyCount "95"]
[EventDate "2023.06.16"]
[EventRounds "5"]
[EventCountry "ENG"]

1. d4 d5 2. c4 e6 3. Nf3 Nf6 4. Nc3 Be7 5. Bg5 O-O 6. e3 h6 7. Bh4 b6 8. cxd5 Nxd5
9. Bxe7 Qxe7 10. Nxd5 exd5 11. Bd3 Be6 12. O-O c5 13. dxc5 bxc5 14. Rc1 Nd7 15. Qc2
a5 16. b3 Rfc8 17. Bf5 a4 18. Bxe6 fxe6 19. e4 axb3 20. axb3 d4 21. Nd2 e5 22. Nc4
Qe6 23. Ra1 Rcb8 24. h3 Kh8 25. Kh2 Ra6 26. Rxa6 Qxa6 27. f4 exf4 28. Rxf4 Qg6 29.
Qd3 Rf8 30. Rxf8+ Nxf8 31. Qf3 Nd7 32. g4 Qe6 33. Qf5 Qxf5 34. gxf5 Nf6 35. Nd2 Nd7
36. Nc4 Nf6 37. e5 Ne4 38. Kg2 d3 39. Kf3 d2 40. Ke2 Ng3+ 41. Kxd2 Nxf5 42. Kd3 g5
43. Nd6 Nd4 44. Ke4 Ne6 45. Kf5 Nd8 46. e6 Nc6 47. Kf6 Kh7 48. Nf7  1-0